| 000 | 01236nas a2200397 4500 | ||
|---|---|---|---|
| 001 | BR0501682 | ||
| 003 | BR-BrBNA | ||
| 005 | 20231205105255.0 | ||
| 007 | ta | ||
| 008 | 230509b bl.|||p| |||| 00| 00por d | ||
| 040 |
_aBR-BrBNA _bpor _cBiblioteca Nacional de Agricultura |
||
| 041 | _a(Pt) | ||
| 072 | _aF61; F60 | ||
| 100 | 1 | _aRodrigues, C.R. | |
| 100 | 1 | _aFaquin, V. | |
| 100 | 1 | _aTrevisan, D. | |
| 100 | 1 | _aPinto, J.E.B.P. | |
| 100 | 1 | _aBertolucci, S.K.V. | |
| 100 | 1 | _aRodrigues, T.M. | |
| 245 | 1 | _aNutrição mineral, crescimento e teor de óleo essencial da menta em solução nutritiva sob diferentes concentrações de fósforo e épocas de coleta | |
| 650 | _aMENTA | ||
| 650 | _aMENTHA PIPERITA | ||
| 650 | _aÓLEO ESSENCIAL | ||
| 650 | _aFÓSFORO | ||
| 650 | _aNUTRIENTE MINERAL | ||
| 650 | _aANÁLISE QUÍMICA | ||
| 650 | _aEXIGÊNCIA NUTRICIONAL | ||
| 650 | _aÉPOCA DE COLETA | ||
| 650 | _aSOLUÇÃO NUTRITIVA | ||
| 650 | _aCRESCIMENTO | ||
| 650 | _aABSORÇÃO DE NUTRIENTES | ||
| 650 | _aMINAS GERAIS | ||
| 773 | 0 |
_tHorticultura Brasileira (Brazil) _xISSN 0102-0536 _g(Jul-Sep 2004), v. 22(3) p. 573-578 _wBR0501682 |
|
| 909 |
_a202311 _bLúcia _c55 _dLúcia Elande |
||
| 942 |
_2AGRIS _n0 _cANA |
||
| 999 |
_c182128 _d182128 |
||